[Event "Niska Banja op"]
[Site "Niska Banja"]
[Date "2020.02.14"]
[Round "3"]
[White "Varlan, Hervig Ioan"]
[Black "Colic, Nikola"]
[Result "1-0"]
[WhiteElo "2107"]
[BlackElo "2042"]
[PlyCount "48"]
[EventDate "2020.02.13"]
[EventType "swiss"]
[EventRounds "7"]
[EventCountry "SRB"]
[SourceTitle "CBM 195 Extra"]
[Source "ChessBase"]
[SourceDate "2020.05.31"]
[SourceVersion "1"]
[SourceVersionDate "2020.05.31"]
[SourceQuality "1"]

1. d4 f5 2. Nf3 Nf6 3. g3 g6 4. Bg2 Bg7 5. 0-0 0-0 6. c4 d6 7. b3 Ne4 8. Bb2 c6 9. Nbd2 Nxd2 10. Qxd2 Nd7 11. Rac1 Nf6 12. Qc2 h6 13. Nd2 Qe8 14. e4 fxe4 15. Nxe4 Bf5 16. Nxf6+ exf6 17. Qd2 Qd7 18. Rfe1 Rfe8 19. b4 Rxe1+ 20. Rxe1 Re8 21. Rxe8+ Qxe8 22. a4 d5 23. cxd5 cxd5 24. Bxd5+ Kh7 1-0

[Event "ROM-chT div-A"]
[Site "Mamaia"]
[Date "2019.09.29"]
[Round "9.1"]
[White "Szabo, Gergely Andras"]
[Black "Varlan, Hervig Ioan"]
[Result "1-0"]
[WhiteElo "2534"]
[BlackElo "2123"]
[PlyCount "71"]
[EventDate "2019.09.21"]
[EventType "team-tourn"]
[EventRounds "9"]
[EventCountry "ROU"]
[SourceTitle "EXT 2020"]
[Source "ChessBase"]
[SourceDate "2019.10.17"]
[SourceVersion "1"]
[SourceVersionDate "2019.10.17"]
[SourceQuality "1"]
[WhiteTeam "Ghiroda Si Giarmata VII"]
[BlackTeam "Ineu"]
[WhiteTeamCountry "ROU"]
[BlackTeamCountry "ROU"]

1. e4 d5 2. exd5 Qxd5 3. Nc3 Qd6 4. d4 Nf6 5. Nf3 a6 6. g3 b5 7. Bg2 Bb7 8. 0-0 e6 9. Bf4 Qd8 10. Ne5 c6 11. a4 b4 12. Ne4 Be7 13. Nc5 Bxc5 14. dxc5 0-0 15. Qxd8 Rxd8 16. Nc4 a5 17. Bc7 Rc8 18. Rfd1 Nbd7 19. Bxa5 Nd5 20. Bxb4 Ba6 21. Ne3 Rab8 22. Ba3 N7f6 23. Nxd5 exd5 24. b3 Re8 25. Bb2 Nd7 26. Bd4 Nf8 27. Rab1 Ne6 28. b4 Nc7 29. c3 f6 30. h4 Kf7 31. Be3 Bc4 32. Bf4 Rb7 33. b5 cxb5 34. c6 Ra7 35. Bxc7 Rxc7 36. axb5 1-0

[Event "ROM-chT2"]
[Site "Gilau"]
[Date "2018.10.13"]
[Round "7.2"]
[White "Ghimpu, Samuel Timotei"]
[Black "Varlan, Hervig Ioan"]
[Result "1-0"]
[WhiteElo "2227"]
[BlackElo "2124"]
[PlyCount "45"]
[EventDate "2018.10.07"]
[EventType "team-swiss"]
[EventRounds "9"]
[EventCountry "ROU"]
[SourceTitle "CBM 187 Extra"]
[Source "ChessBase"]
[SourceDate "2018.11.04"]
[SourceVersion "1"]
[SourceVersionDate "2018.11.04"]
[SourceQuality "1"]
[WhiteTeam "Galati Smart"]
[BlackTeam "Ineu"]
[WhiteTeamCountry "ROU"]
[BlackTeamCountry "ROU"]

1. e4 e6 2. d3 d5 3. Nd2 c5 4. Ngf3 Nc6 5. g3 Nf6 6. Bg2 Be7 7. 0-0 0-0 8. Re1 a5 9. e5 Nd7 10. Nf1 a4 11. h4 b5 12. h5 a3 13. b3 Bb7 14. Bf4 c4 15. dxc4 bxc4 16. bxc4 Nb6 17. cxd5 Nxd5 18. Bd2 Na5 19. Bxa5 Qxa5 20. c4 Nb6 21. Qd4 Rac8 22. Rec1 Bc5 23. Qg4 1-0

[Event "ROM-chT2"]
[Site "Gilau"]
[Date "2018.10.09"]
[Round "3.2"]
[White "Oprisor, Razvan Gabriel"]
[Black "Varlan, Hervig Ioan"]
[Result "1/2-1/2"]
[WhiteElo "2220"]
[BlackElo "2124"]
[PlyCount "51"]
[EventDate "2018.10.07"]
[EventType "team-swiss"]
[EventRounds "9"]
[EventCountry "ROU"]
[SourceTitle "CBM 187 Extra"]
[Source "ChessBase"]
[SourceDate "2018.11.04"]
[SourceVersion "1"]
[SourceVersionDate "2018.11.04"]
[SourceQuality "1"]
[WhiteTeam "Targoviste"]
[BlackTeam "Ineu"]
[WhiteTeamCountry "ROU"]
[BlackTeamCountry "ROU"]

1. e4 c5 2. Nc3 Nc6 3. f4 e6 4. Nf3 d5 5. exd5 exd5 6. Bb5 Nf6 7. Qe2+ Be7 8. Ne5 Bd7 9. Bxc6 Bxc6 10. Nxc6 bxc6 11. d3 0-0 12. 0-0 Re8 13. Qf3 Nd7 14. Bd2 Bf6 15. Rad1 Bd4+ 16. Kh1 Qf6 17. Qg4 Nb6 18. f5 Be3 19. Bxe3 Rxe3 20. Rde1 Rae8 21. Rxe3 Rxe3 22. Qf4 Qe5 23. Qxe5 Rxe5 24. Kg1 f6 25. g4 Kf7 26. Kf2 1/2-1/2

[Event "Arad op 7th"]
[Site "Arad"]
[Date "2014.08.06"]
[Round "4"]
[White "Gledura, Benjamin"]
[Black "Varlan, Hervig Ioan"]
[Result "1-0"]
[WhiteElo "2407"]
[BlackElo "2200"]
[PlyCount "60"]
[EventDate "2014.08.04"]
[EventType "swiss"]
[EventRounds "9"]
[EventCountry "ROU"]
[SourceTitle "CBM 161 Extra"]
[Source "ChessBase"]
[SourceDate "2014.08.29"]
[SourceVersion "1"]
[SourceVersionDate "2014.08.29"]
[SourceQuality "1"]

1. d4 Nf6 2. c4 g6 3. Nc3 Bg7 4. e4 d6 5. Nf3 0-0 6. Be2 c5 7. 0-0 cxd4 8. Nxd4 Nc6 9. Be3 Bd7 10. Nc2 a6 11. f3 Ne5 12. Qd2 Rc8 13. Na3 Re8 14. Rac1 Bc6 15. b4 b6 16. Rfd1 Bb7 17. Bf1 Ned7 18. Qf2 a5 19. bxa5 Ra8 20. e5 dxe5 21. Bxb6 Qb8 22. Nab5 Nxb6 23. axb6 Rd8 24. Rxd8+ Qxd8 25. Rd1 Qc8 26. Nc7 Rb8 27. c5 Ne8 28. N3d5 Bf8 29. Nxe8 Qxe8 30. Nc7 e6 1-0

[Event "ROM-ch"]
[Site "Sarata Monteoru"]
[Date "2012.02.20"]
[Round "10"]
[White "Costachi, Mihnea"]
[Black "Varlan, Hervig Ioan"]
[Result "1/2-1/2"]
[WhiteElo "1937"]
[BlackElo "2184"]
[PlyCount "84"]
[EventDate "2012.02.13"]
[EventType "swiss"]
[EventRounds "11"]
[EventCountry "ROU"]
[SourceTitle "CBM 147 Extra"]
[Source "ChessBase"]
[SourceDate "2012.04.24"]
[SourceVersion "1"]
[SourceVersionDate "2012.04.24"]
[SourceQuality "1"]

1. d4 Nf6 2. c4 e6 3. Nc3 Bb4 4. e3 b6 5. Nge2 Bb7 6. a3 Be7 7. d5 0-0 8. Ng3 d6 9. Be2 Re8 10. 0-0 a5 11. e4 Bf8 12. Be3 Na6 13. Rb1 exd5 14. exd5 Nc5 15. b4 axb4 16. axb4 Ncd7 17. Nh5 Nxh5 18. Bxh5 Ne5 19. Be2 Bc8 20. Qd2 Qh4 21. Bd4 g6 22. Nb5 Qd8 23. f4 Nd7 24. Rb3 Ba6 25. f5 Bxb5 26. fxg6 fxg6 27. cxb5 Ne5 28. Bxe5 Rxe5 29. Bg4 Kh8 30. Rbf3 Bg7 31. Be6 Qe8 32. Rf7 Qxb5 33. Rxc7 Qe2 34. Qc1 Rxe6 35. dxe6 Qxe6 36. Qc6 Rf8 37. Rxf8+ Bxf8 38. Qf3 Kg8 39. h3 d5 40. Qc3 h5 41. Rc6 Bd6 42. Rc8+ Kf7 1/2-1/2

[Event "ROM-ch"]
[Site "Sarata Monteoru"]
[Date "2012.02.18"]
[Round "7"]
[White "Varlan, Hervig Ioan"]
[Black "Filip, Lucian Ioan"]
[Result "0-1"]
[WhiteElo "2184"]
[BlackElo "2490"]
[PlyCount "80"]
[EventDate "2012.02.13"]
[EventType "swiss"]
[EventRounds "11"]
[EventCountry "ROU"]
[SourceTitle "CBM 147 Extra"]
[Source "ChessBase"]
[SourceDate "2012.04.24"]
[SourceVersion "1"]
[SourceVersionDate "2012.04.24"]
[SourceQuality "1"]

1. d4 Nf6 2. Nf3 e6 3. c4 c5 4. d5 d6 5. Nc3 exd5 6. cxd5 g6 7. e4 Bg7 8. Bd3 a6 9. a4 Bg4 10. h3 Bxf3 11. Qxf3 Nbd7 12. Qd1 0-0 13. 0-0 Ne8 14. Re1 Nc7 15. Qc2 Rb8 16. a5 b5 17. axb6 Rxb6 18. Bd2 Qb8 19. Ra2 Nb5 20. Bxb5 axb5 21. Nd1 Rc8 22. Be3 Qb7 23. f4 Ra6 24. Rxa6 Qxa6 25. Bf2 b4 26. Bg3 Nb6 27. Kh2 c4 28. Qe2 Qa5 29. f5 Qc5 30. fxg6 hxg6 31. Bf2 Qc7 32. Be3 Na4 33. Rf1 Qe7 34. Bc1 b3 35. Qf3 Nc5 36. Qg4 Re8 37. Ne3 Qxe4 38. Nxc4 Qxg4 39. hxg4 Nd3 40. Bf4 Re4 0-1

[Event "ROM-ch"]
[Site "Sarata Monteoru"]
[Date "2012.02.15"]
[Round "3"]
[White "Varlan, Hervig Ioan"]
[Black "Dumitrache, Dragos Nicolae"]
[Result "1/2-1/2"]
[WhiteElo "2184"]
[BlackElo "2460"]
[PlyCount "99"]
[EventDate "2012.02.13"]
[EventType "swiss"]
[EventRounds "11"]
[EventCountry "ROU"]
[SourceTitle "CBM 147 Extra"]
[Source "ChessBase"]
[SourceDate "2012.04.24"]
[SourceVersion "1"]
[SourceVersionDate "2012.04.24"]
[SourceQuality "1"]

1. d4 Nf6 2. Nf3 e6 3. g3 b5 4. Bg2 Bb7 5. 0-0 Be7 6. b3 0-0 7. Bb2 a6 8. Nbd2 c5 9. e3 cxd4 10. Nxd4 Bxg2 11. Kxg2 Nc6 12. Nxc6 dxc6 13. Nf3 Qd5 14. Qe2 Rfd8 15. Rfd1 Qe4 16. Kg1 Qg4 17. Kg2 Rd5 18. Rd4 Rxd4 19. Bxd4 Rd8 20. Bxf6 Bxf6 21. Rd1 Rd5 22. Rxd5 exd5 23. a4 Qe4 24. axb5 cxb5 25. Kf1 g6 26. Ng1 Kg7 27. Qd2 d4 28. exd4 Qxd4 29. Qxd4 Bxd4 30. Ne2 Be5 31. b4 Kf6 32. Ke1 Bd6 33. c3 Ke5 34. Kd2 Ke4 35. Ng1 h5 36. f3+ Kd5 37. Kd3 g5 38. Ne2 g4 39. fxg4 hxg4 40. Nd4 Ke5 41. Nc6+ Kd5 42. Nd4 Bf8 43. Nf5 Ke5 44. Nd4 Bd6 45. Nc6+ Kd5 46. Nd4 Be7 47. Nf5 Bg5 48. Nd4 Bd8 49. Nf5 Bg5 50. Nd4 1/2-1/2

[Event "ROM-ch op"]
[Site "Sarata Monteoru"]
[Date "2011.02.20"]
[Round "11"]
[White "Gheorghiu, Calin"]
[Black "Varlan, Hervig Ioan"]
[Result "1-0"]
[WhiteElo "1949"]
[BlackElo "2203"]
[PlyCount "103"]
[EventDate "2011.02.12"]
[EventType "swiss"]
[EventRounds "11"]
[EventCountry "ROU"]
[SourceTitle "CBM 140 Extra"]
[Source "ChessBase"]
[SourceDate "2011.03.01"]
[SourceVersion "1"]
[SourceVersionDate "2011.03.01"]
[SourceQuality "1"]

1. e4 c5 2. Nc3 a6 3. a4 e6 4. f4 d5 5. Nf3 dxe4 6. Nxe4 Nc6 7. g3 Nf6 8. Nf2 Bd6 9. Bg2 0-0 10. 0-0 e5 11. fxe5 Nxe5 12. d3 Qc7 13. Bg5 Neg4 14. Nxg4 Nxg4 15. Nh4 Be5 16. c3 h6 17. Nf5 Bxf5 18. Rxf5 Nf6 19. Bxf6 Bxf6 20. Be4 Qb6 21. Rf2 Rad8 22. Qf3 Rd6 23. Bxb7 Bg5 24. Bd5 Rf6 25. Qe2 Qd6 26. Be4 Rxf2 27. Qxf2 g6 28. Qf3 h5 29. Rf1 Kg7 30. h4 Bd8 31. Bd5 Bf6 32. Re1 Be5 33. Kg2 Bxg3 34. Re4 Qxd5 35. Kxg3 Rd8 36. d4 cxd4 37. Rxd4 Qe5+ 38. Qf4 Qe1+ 39. Qf2 Qe5+ 40. Qf4 Qe1+ 41. Qf2 Qxf2+ 42. Kxf2 Rxd4 43. cxd4 Kf6 44. b4 Ke6 45. b5 axb5 46. a5 b4 47. Ke2 b3 48. Kd2 Kd7 49. a6 Kc8 50. d5 b2 51. Kc2 g5 52. d6 1-0

[Event "ROM-ch op"]
[Site "Sarata Monteoru"]
[Date "2011.02.19"]
[Round "10"]
[White "Varlan, Hervig Ioan"]
[Black "Luca, Ionel"]
[Result "1/2-1/2"]
[WhiteElo "2203"]
[BlackElo "2160"]
[PlyCount "137"]
[EventDate "2011.02.12"]
[EventType "swiss"]
[EventRounds "11"]
[EventCountry "ROU"]
[SourceTitle "EXT 2013"]
[Source "ChessBase"]
[SourceDate "2012.11.22"]
[SourceVersion "1"]
[SourceVersionDate "2012.11.22"]
[SourceQuality "1"]

1. d4 Nf6 2. Nf3 e6 3. c4 b6 4. Nc3 Bb7 5. a3 Be7 6. e3 d6 7. Bd3 Nbd7 8. 0-0 0-0 9. b4 c5 10. Rb1 cxd4 11. exd4 Rc8 12. Bb2 Qc7 13. Re1 Rfe8 14. Nd2 Qb8 15. a4 Qa8 16. Bf1 d5 17. b5 dxc4 18. Nxc4 Nd5 19. Nxd5 Bxd5 20. Ne5 Nxe5 21. dxe5 Be4 22. Rc1 Red8 23. Rxc8 Qxc8 24. Qa1 Qa8 25. Ba3 Bxa3 26. Qxa3 Rd7 27. a5 bxa5 28. Qxa5 g6 29. Qc3 Bd5 30. h4 Qd8 31. h5 Kg7 32. hxg6 hxg6 33. Qe3 Rc7 34. Ra1 Qe7 35. Ra4 Qc5 36. Qf4 Qe7 37. Rd4 Rc8 38. Qd2 Rh8 39. Qe3 Qd8 40. Be2 Rh4 41. Rxh4 Qxh4 42. Bf3 Qc4 43. Bxd5 Qxd5 44. Qxa7 Qxb5 45. Qe3 Qb1+ 46. Kh2 Qf5 47. f3 Qh5+ 48. Kg1 g5 49. g4 Qg6 50. Qc1 Kh6 51. Kf2 Qd3 52. Qe3 Qc2+ 53. Kg3 Kg6 54. Kh3 Qb1 55. Kg2 Qb4 56. Kh3 Qb1 57. Kg2 Qd1 58. Kg3 Qh1 59. Qe4+ Kg7 60. Qe3 Kh6 61. Kf2 Qh2+ 62. Kf1 Kg6 63. Qe4+ Kg7 64. Qe3 f6 65. exf6+ Kxf6 66. Qd4+ Kg6 67. Qe4+ Kf7 68. Qe3 Kf6 69. Qd4+ 1/2-1/2

[Event "Centrocoop op"]
[Site "Eforie Nord"]
[Date "1997.??.??"]
[Round "5"]
[White "Moldovan, Daniel"]
[Black "Varlan, Hervig Ioan"]
[Result "1-0"]
[WhiteElo "2435"]
[BlackElo "2210"]
[PlyCount "81"]
[EventDate "1997.??.??"]
[EventType "swiss"]
[EventRounds "11"]
[EventCountry "ROU"]
[SourceTitle "EXT 2010"]
[Source "ChessBase"]
[SourceDate "2010.11.25"]
[SourceVersion "1"]
[SourceVersionDate "2010.11.25"]
[SourceQuality "1"]

1. e4 Nf6 2. e5 Nd5 3. d4 d6 4. c4 Nb6 5. exd6 cxd6 6. Nc3 g6 7. Be3 Bg7 8. Rc1 0-0 9. b3 Re8 10. Be2 Nc6 11. d5 Ne5 12. Nf3 Nxf3+ 13. Bxf3 Nd7 14. 0-0 a6 15. b4 b6 16. Ne2 Ne5 17. Nd4 Nxf3+ 18. Qxf3 Bb7 19. Nc6 Qc7 20. b5 e5 21. a4 a5 22. Qe2 f5 23. f3 f4 24. Bf2 Bf6 25. Kh1 Rf8 26. Qe1 Rae8 27. Bg1 g5 28. Qf2 Bxc6 29. bxc6 Bd8 30. Qc2 g4 31. Qe4 gxf3 32. Rxf3 Kh8 33. Rb1 Rg8 34. Bxb6 Qg7 35. Rff1 Bxb6 36. Rxb6 Ref8 37. Rb7 Rf7 38. Rxf7 Qxf7 39. Rb1 Qh5 40. c5 dxc5 41. d6 1-0

[Event "ROM-chT"]
[Site "Romania"]
[Date "1994.??.??"]
[Round "?"]
[White "Dumitrescu, Dragos"]
[Black "Varlan, Hervig Ioan"]
[Result "1/2-1/2"]
[WhiteElo "2370"]
[BlackElo "2240"]
[PlyCount "83"]
[EventDate "1994.??.??"]
[EventType "team"]
[EventRounds "10"]
[EventCountry "ROU"]
[SourceTitle "EXT 1997"]
[Source "ChessBase"]
[SourceDate "1996.11.15"]
[SourceVersion "1"]
[SourceVersionDate "1996.11.15"]
[SourceQuality "1"]

1. d4 Nf6 2. Bg5 c5 3. Bxf6 gxf6 4. d5 Qb6 5. Qc1 Bh6 6. e3 f5 7. Nf3 Rg8 8. Na3 Na6 9. c3 Nc7 10. Nc4 Qf6 11. Qd2 d6 12. a4 b6 13. Na3 Bd7 14. Nb5 Kd8 15. g3 a6 16. Nxc7 Kxc7 17. Be2 e5 18. dxe6 fxe6 19. 0-0 e5 20. b4 e4 21. bxc5 dxc5 22. Ne1 Bc6 23. Ng2 Rgd8 24. Qa2 a5 25. Qb3 Rd2 26. Rab1 Bd5 27. Bc4 Rd8 28. Nh4 Bg5 29. Ng2 Qc6 30. Bxd5 R8xd5 31. Qc4 Kb7 32. h4 Bh6 33. Rb3 Ka7 34. Rfb1 Rd1+ 35. Kh2 Rxb1 36. Rxb1 Rd2 37. Qf7+ Qd7 38. Qb3 Rd6 39. Rb2 Qc6 40. Qf7+ Qd7 41. Qb3 Qc6 42. Qf7+ 1/2-1/2

[Event "ROM-chT"]
[Site "Romania"]
[Date "1994.??.??"]
[Round "?"]
[White "Varlan, Hervig Ioan"]
[Black "Ardeleanu, Alin"]
[Result "1/2-1/2"]
[WhiteElo "2240"]
[BlackElo "2425"]
[PlyCount "61"]
[EventDate "1994.??.??"]
[EventType "team"]
[EventRounds "10"]
[EventCountry "ROU"]
[SourceTitle "EXT 1997"]
[Source "ChessBase"]
[SourceDate "1996.11.15"]
[SourceVersion "1"]
[SourceVersionDate "1996.11.15"]
[SourceQuality "1"]

1. d4 Nf6 2. c4 g6 3. Nc3 Bg7 4. e4 0-0 5. Nge2 c5 6. dxc5 Qa5 7. Ng3 Qxc5 8. Be2 d6 9. 0-0 Be6 10. Nd5 Bxd5 11. exd5 a5 12. Be3 Qc7 13. Rc1 Nbd7 14. h4 Nc5 15. h5 Nfd7 16. Rc2 Ra6 17. f4 f5 18. Bf3 Nf6 19. Re1 Rf7 20. Kh1 Qd8 21. Kg1 a4 22. Bd4 Qf8 23. Rce2 Nfd7 24. Qd2 Bf6 25. Nf1 Qg7 26. Bxf6 Nxf6 27. Ng3 Rb6 28. Qc3 Nfd7 29. Qd2 Qf6 30. Nh1 Qg7 31. Ng3 1/2-1/2